Ars narrativa (Record no. 186580)

MARC details
000 -LEADER
campo de control de longitud fija 00947nam a2200217 i 4500
001 - NÚMERO DE CONTROL
campo de control 186580
003 - IDENTIFICADOR DE NÚMERO DE CONTROL
campo de control SpMaBN
005 - FECHA Y HORA DE LA ÚLTIMA TRANSACCIÓN
campo de control 20230906222711.0
008 - DATOS DE LONGITUD FIJA--INFORMACIÓN GENERAL
campo de control de longitud fija 161201s2015 sp |||| | spa d
080 ## - NÚMERO DE LA CLASIFICACIÓN DECIMAL UNIVERSAL
Número de la Clasificación Decimal Universal 821.134.2-32"19"
100 1# - ENTRADA PRINCIPAL--NOMBRE DE PERSONA
Nombre de persona Gavilanes, Emilio.
9 (RLIN) 137539
245 10 - MENCIÓN DEL TÍTULO
Título Ars narrativa
Resto del título ; seguido de Nacido en siete ciudades ; y otros relatos pertenecientes a "Historia secreta del mundo" /
Mención de responsabilidad, etc. Emilio Gavilanes.
246 34 - FORMA VARIANTE DEL TITULO
Texto de visualización Tít. de la carpeta
Título propio/Titulo breve Historia secreta del mundo
Resto del título : Ediciones de la Discreta
246 10 - FORMA VARIANTE DEL TITULO
Título propio/Titulo breve Nacido en siete ciudades
246 10 - FORMA VARIANTE DEL TITULO
Título propio/Titulo breve Otros relatos pertenecientes a "Historia secreta del mundo"
260 ## - PUBLICACIÓN, DISTRIBUCIÓN, ETC.
Lugar de publicación, distribución, etc. Molina de Segura (Murcia) :
Nombre del editor, distribuidor, etc. Concejalía de Cultura,
Fecha de publicación, distribución, etc. [2015]
300 ## - DESCRIPCIÓN FÍSICA
Extensión 1 carpeta ([12] p.) ;
Dimensiones 21 cm.
586 ## - NOTA DE PREMIOS
Nota de premios XII Premio Setenil 2015 al mejor libro de relatos publicado en España
710 1# - ENTRADA AGREGADA--NOMBRE DE ENTIDAD CORPORATIVA
Nombre de entidad corporativa o nombre de jurisdicción como elemento de entrada Molina de Segura.
Unidad subordinada Concejalía de Cultura y Festejos.
9 (RLIN) 149745
852 ## - LOCALIZACIÓN
Ubicación ES-MaACL
Número de control de estantería 2333-F-20
Holdings
Estatus retirado Estado de pérdida Estado de daño No para préstamo Colección Biblioteca de origen Biblioteca actual Ubicación en estantería Fecha de adquisición Fuente de adquisición Total de préstamos Signatura topográfica completa Código de barras Visto por última vez Precio de reemplazo Tipo de ítem Koha
        Colección de folletos Biblioteca del Ateneo de Madrid Biblioteca del Ateneo de Madrid Depósito folletos 01/12/2016     2333-F-20 1196757 23/02/2023 23/02/2023 Folleto